000 00387nam a2200145Ia 4500
008 231129s1982||||xx |||||||||||||| ||spa||
020 _a84-85609-68-9
040 _bspa
082 _a306.772 L864t
100 _aLopez Ibor J.J
245 0 _aTratado general sobre la masturbacion
260 _c1982
264 _aEdiciones UVE
942 _2ddc
_cBKS
999 _c25626
_d25626